| 000 | 00509nam a22001817a 4500 | ||
|---|---|---|---|
| 003 | OSt | ||
| 005 | 20140310181748.0 | ||
| 008 | 130625t xxu||||| |||| 00| 0 eng d | ||
| 020 | _a9781844425952 | ||
| 050 |
_aBR 145.2 _b.T468 2005 |
||
| 082 |
_aIB 940.5421 _bT37 2005 |
||
| 100 | _aThompson, Julian. | ||
| 245 |
_aThe victory in europe : _cJulian Thompson _bExperience / |
||
| 260 |
_aLondon : _bCarlton publishing, _cc2005. |
||
| 300 |
_a64 p. : _bill. col. ; _c27 cm. |
||
| 942 |
_2lcc _cBK |
||
| 999 |
_c3095 _d3095 |
||